000 00311nam a2200109 4500
999 _c12344
_d12344
008 190123b ||||| |||| 00| 0 eng d
245 _aLava crashes through roof of Hawaii tour boat.
260 _aPhilippines
_bThe Philippine Star
_cc2018
300 _apage 18.
650 0 _934857
_aAccidents.
942 _2ddc
_cPER